Statistics for Best national football (soccer) teams ever...

Click here to take the quiz!

General Stats

  • This quiz has been taken 90 times
  • The average score is 35 of 56

Answer Stats

HintAnswer% Correct
Goal diiference (Av.)3Brazil1.256
100%
Points (Win: 3p Draw: 1p)2Brazil1997
100%
Most goal for3Brazil2099
100%
Less goal agains (Av.)4Brazil0.912
100%
Goal difference2Brazil1216
100%
Most goal for (Av.)7Brazil2.168
100%
Points (Av.)1Brazil2.063
100%
Most goal for2Germany2120
100%
Goal difference3Germany1011
100%
Goal diiference (Av.)6Germany1.070
100%
Most goal for (Av.)6Germany2.243
100%
Points (Win: 3p Draw: 1p)3Germany1854
100%
Points (Av.)2Germany1.962
100%
Points (Win: 3p Draw: 1p)4Argentina1833
99%
Most goal for5Argentina1894
99%
Goal difference5Argentina822
99%
Points (Av.)3Spain1.937
96%
Less goal agains (Av.)3Spain0.910
96%
Goal difference6Spain739
96%
Goal diiference (Av.)5Spain1.077
96%
Goal diiference (Av.)1England1.364
95%
Points (Win: 3p Draw: 1p)1England2021
95%
Points (Av.)4England1.936
95%
Most goal for1England2453
95%
Most goal for (Av.)3England2.350
95%
Goal difference1England1424
95%
Most goal for8Netherlands1662
80%
Goal difference8Mexico681
74%
Points (Win: 3p Draw: 1p)7Mexico1601
74%
Most goal for4Sweden2073
69%
Goal difference7Sweden712
69%
Points (Win: 3p Draw: 1p)5Sweden1811
69%
Points (Win: 3p Draw: 1p)8Hungary1592
58%
Most goal for6Hungary1888
58%
Less goal agains (Av.)7Croatia0.967
45%
Less goal agains (Av.)5South Korea0.923
40%
Goal diiference (Av.)8South Korea0.891
40%
Points (Win: 3p Draw: 1p)6South Korea1742
40%
Goal difference4South Korea845
40%
Points (Av.)8South Korea1.838
40%
Most goal for7South Korea1720
40%
Points (Av.)7Iran1.863
31%
Goal diiference (Av.)7Iran1.063
31%
Less goal agains (Av.)1Iran0.792
31%
Less goal agains (Av.)8Ukraine0.972
25%
Less goal agains (Av.)2Morocco0.874
15%
Less goal agains (Av.)6Iraq0.930
13%
Most goal for (Av.)4Fiji2.321
4%
Points (Av.)5Tahiti1.921
3%
Most goal for (Av.)1Tahiti2.781
3%
Goal diiference (Av.)2Tahiti1.259
3%
Most goal for (Av.)5Papua New Guinea2.280
1%
Most goal for (Av.)8Solomon Islands2.140
1%
Points (Av.)6New Caledonia1.867
0%
Goal diiference (Av.)4New Caledonia1.190
0%
Most goal for (Av.)2New Caledonia2.641
0%

Score Distribution

Percentile by Number Answered

Percent of People with Each Score

Your Score History

You have not taken this quiz